[Event "Catalunya-chT"]
[Site "Catalunya"]
[Date "2014.03.15"]
[Round "8.2"]
[White "Roca Diaz, Miguel Angel"]
[Black "Onna Amargant, Josep"]
[Result "1-0"]
[WhiteElo "2043"]
[BlackElo "1950"]
[PlyCount "128"]
[EventDate "2014.01.25"]
[EventType "team"]
[EventRounds "11"]
[EventCountry "ESP"]
[SourceTitle "EXT 2015"]
[Source "ChessBase"]
[SourceDate "2014.11.20"]
[SourceVersion "1"]
[SourceVersionDate "2014.11.20"]
[SourceQuality "1"]
[WhiteTeam "Sitges"]
[BlackTeam "Andorra"]
[WhiteTeamCountry "ESP"]
[BlackTeamCountry "AND"]

1. d4 e6 2. Nf3 d5 3. c4 c6 4. Nc3 dxc4 5. g3 Nf6 6. Bg2 Nbd7 7. 0-0 Be7 8. Qc2 0-0 9. a4 Nd5 10. Ne4 N7f6 11. Nxf6+ Nxf6 12. Qxc4 Qd5 13. Ne5 Qxc4 14. Nxc4 Rd8 15. e3 Rb8 16. Ne5 Nd7 17. Nxd7 Bxd7 18. Bd2 b6 19. Bc3 c5 20. dxc5 bxc5 21. Rfd1 Be8 22. Bf3 Rxd1+ 23. Bxd1 Bf6 24. Bxf6 gxf6 25. b3 Rc8 26. Rc1 Kf8 27. Rc4 Bd7 28. Rh4 Kg7 29. Bc2 h6 30. Rc4 e5 31. Kf1 Be6 32. Rc3 f5 33. Ke2 Kf6 34. h4 e4 35. Kd2 Ke5 36. Bd1 Kd6 37. Rc1 Rd8 38. Kc3 Kc6 39. Be2 Rb8 40. Bb5+ Kc7 41. Rd1 Rb6 42. Rb1 Rd6 43. Be2 Rb6 44. Rb2 a5 45. Bf1 Rd6 46. Be2 Rb6 47. f3 Rb8 48. fxe4 fxe4 49. Bc4 Rd8 50. Bxe6 fxe6 51. Kc4 Rd3 52. g4 Rxe3 53. Rg2 Kd6 54. g5 Ke7 55. g6 Kf8 56. g7+ Kg8 57. Rg4 e5 58. Rg5 Rd3 59. Rxe5 Rd4+ 60. Kc3 Rd3+ 61. Kc2 Kxg7 62. Rxc5 Kf6 63. Rxa5 Rd4 64. Rh5 Ke6 1-0

[Event "Catalunya-chT Honor"]
[Site "Catalunya"]
[Date "2013.04.13"]
[Round "11.8"]
[White "Onna Amargant, Josep"]
[Black "De la Riva Aguado, Oscar"]
[Result "0-1"]
[WhiteElo "1980"]
[BlackElo "2522"]
[PlyCount "70"]
[EventDate "2013.01.19"]
[EventType "team-tourn"]
[EventRounds "11"]
[EventCountry "ESP"]
[SourceTitle "EXT 2014"]
[Source "ChessBase"]
[SourceDate "2013.11.20"]
[SourceVersion "1"]
[SourceVersionDate "2013.11.20"]
[SourceQuality "1"]
[WhiteTeam "Andorra"]
[BlackTeam "Foment Martinenc"]
[WhiteTeamCountry "AND"]
[BlackTeamCountry "ESP"]

1. b4 Nf6 2. b5 a6 3. c4 d5 4. cxd5 axb5 5. Qb3 Qxd5 6. Ba3 Qxb3 7. axb3 b4 8. Bb2 Rxa1 9. Bxa1 Be6 10. Be5 Kd7 11. d3 Bxb3 12. Nf3 Nc6 13. Bb2 e6 14. Nbd2 Ba4 15. g3 h6 16. Bg2 Nd5 17. Ne5+ Nxe5 18. Bxe5 f6 19. Bxd5 exd5 20. Bb2 Bb5 21. 0-0 c5 22. Ra1 Bd6 23. Ra5 Kc6 24. Nf3 Re8 25. Kf1 Kb6 26. Ra1 c4 27. dxc4 dxc4 28. Bd4+ Bc5 29. e3 Bc6 30. Bxc5+ Kxc5 31. Nd4 b3 32. Ke1 b2 33. Rb1 c3 34. Nb3+ Kb4 35. Nc1 Be4 0-1

[Event "Catalunya-chT Honor"]
[Site "Catalunya"]
[Date "2013.04.06"]
[Round "10.10"]
[White "Lorente Munoz, Raul"]
[Black "Onna Amargant, Josep"]
[Result "1/2-1/2"]
[WhiteElo "1919"]
[BlackElo "1980"]
[PlyCount "23"]
[EventDate "2013.01.19"]
[EventType "team-tourn"]
[EventRounds "11"]
[EventCountry "ESP"]
[SourceTitle "EXT 2014"]
[Source "ChessBase"]
[SourceDate "2013.11.20"]
[SourceVersion "1"]
[SourceVersionDate "2013.11.20"]
[SourceQuality "1"]
[WhiteTeam "Badalona Sant Josep"]
[BlackTeam "Andorra"]
[WhiteTeamCountry "ESP"]
[BlackTeamCountry "AND"]

1. d4 e6 2. Nf3 d5 3. c4 c6 4. Nc3 dxc4 5. a4 Bb4 6. Ne5 c5 7. e3 Nf6 8. Bxc4 Nbd7 9. Nxd7 Bxd7 10. 0-0 Bc6 11. Bb3 Qd7 12. dxc5 1/2-1/2

[Event "Catalunya-chT Honor"]
[Site "Catalunya"]
[Date "2013.03.02"]
[Round "7.10"]
[White "Asensio Linan, Teodoro"]
[Black "Onna Amargant, Josep"]
[Result "1-0"]
[WhiteElo "2167"]
[BlackElo "1980"]
[PlyCount "65"]
[EventDate "2013.01.19"]
[EventType "team-tourn"]
[EventRounds "11"]
[EventCountry "ESP"]
[SourceTitle "EXT 2014"]
[Source "ChessBase"]
[SourceDate "2013.11.20"]
[SourceVersion "1"]
[SourceVersionDate "2013.11.20"]
[SourceQuality "1"]
[WhiteTeam "Montcada"]
[BlackTeam "Andorra"]
[WhiteTeamCountry "ESP"]
[BlackTeamCountry "AND"]

1. e4 e6 2. d4 b6 3. Nf3 Bb7 4. Bd3 c5 5. c3 Nf6 6. e5 Nd5 7. a3 cxd4 8. Nxd4 Nc6 9. Nxc6 dxc6 10. 0-0 Qc7 11. c4 Ne7 12. Qe2 c5 13. Nc3 a6 14. Bc2 0-0-0 15. Bg5 h6 16. Bh4 g5 17. Bg3 Nc6 18. Be4 Bg7 19. Rad1 Nd4 20. Qe3 Rd7 21. Nd5 Bxd5 22. cxd5 Qd8 23. d6 f5 24. exf6 Bxf6 25. b4 e5 26. Qd3 Ra7 27. bxc5 bxc5 28. Qc4 Qxd6 29. Rxd4 Qxd4 30. Qe6+ Rd7 31. Qxa6+ Kc7 32. Qc6+ Kd8 33. Qxf6+ 1-0